000 00572nam a2200181Ia 4500
008 240925s9999 xx 000 0 und d
020 _a817635709x
082 _a004.67 KAL
100 _aKalani , Kirk Hausman
245 0 _aExam Cram 2 Developing and Implementing Windows Based Application with Visual Basic NET and Visual studio NET
250 _aNA
260 _aIndia:
_bTechmedia publications
_c,2000.
300 _axxix,482p.
_bNA
_fPirated
500 _aNA
600 _aComputer Science
650 _aComputer science, information & general works
942 _cBK
999 _c7840
_d7840